000 00216 a2200097 4500
001 879
100 _aThomson,J
245 _aDervises text book of radio vol-3 electronics
260 _a
_bH M S
_c
090 _c470
_d470
942 _aNUST-CAE
_cM
_c31045
999 _c235952
_d235952